000 00591nam a2200181 i 4500
001 bg
100 1 _aLENCZEWSKA-SAMOTYJA, Elżbieta
245 0 _aZarys geologii z elementami geologii inżynierskiej i hydrogeologii /
_cElżbieta Lenczewska-Samotyja, Adam Łowkis, Natalia Zdrojewska.
260 _aWarszawa :
_bPWN,
_c1993.
300 _a143, [2] s. tabl. :
_bmapy, rys. ;
_c24 cm.
700 1 _aŁOWKIS, Adam
700 1 _aZDROJEWSKA, Natalia
040 _cBPK
041 _apol
080 _a551.1/.4:552:556:624.131(075.8)
942 _cKS
008 s pl f |000 0 pol
999 _c5758
_d5758
856 _uhttp://koha.tu.koszalin.pl/cgi-bin/koha/opac-detail.pl?biblionumber=5758
_yKatalog online BPK